Finančná analýza s využitím cash flow

Salvato in:
Dettagli Bibliografici
Autore principale: Czillingová, Jana
Natura: Capitolo di libro
Lingua:slovacco
Tags: Aggiungi Tag
Nessun Tag, puoi essere il primo ad aggiungerne!!

MARC

LEADER 00000naa$a2200000$$$4500
001 0160300
005 20240502072800.1
041 0 |a slo 
044 |a SK 
245 1 0 |a Finančná analýza s využitím cash flow  |c Jana Czillingová 
100 1 |a Czillingová, Jana